| 000 | 00629nam a2200193Ia 4500 | ||
|---|---|---|---|
| 008 | 160319s9999 xx 000 0 und d | ||
| 245 | _aPlanet earth : | ||
| 245 | _bas you've never seen it before (Disc 5) / | ||
| 245 | _cBritish Broadcasting Corporation. | ||
| 260 | _bBBC Worldwide Inc. | ||
| 260 | _c2008 | ||
| 300 | _a1 DVD-video (approximately 700 min.) : | ||
| 300 | _b digital, sound, color ; | ||
| 300 | _c4 3/4 in. | ||
| 650 | _aDocumentary television programs -- Great Britain. | ||
| 650 | _aFeature films. | ||
| 650 | _aFilms for the hearing impaired. | ||
| 650 | _aTelevision programs -- Great Britain. | ||
| 999 |
_c292477 _d292477 |
||